| 000 | 02444cam a2200361 a 4500 | ||
|---|---|---|---|
| 999 |
_c173082 _d173082 |
||
| 001 | 13895742 | ||
| 003 | Nust | ||
| 005 | 20180117090020.0 | ||
| 008 | 050310s2005 enka 001 0ceng | ||
| 010 | _a 2005006707 | ||
| 020 | _a0745322972 (hardback) | ||
| 020 | _a0745322964 (pbk.) | ||
| 040 |
_aDLC _cDLC _dDLC |
||
| 043 | _an-us--- | ||
| 050 | 0 | 0 |
_aPN4871 _b.R38 2005 |
| 082 | 0 | 0 |
_a070.92/273 _222 |
| 100 | 1 |
_aRandall, David, _d1951- |
|
| 245 | 1 | 4 |
_aThe great reporters / _cDavid Randall. |
| 260 |
_aLondon ; _aAnn Arbor, MI : _bPluto Press, _cc2005. |
||
| 300 |
_avi, 280 p. : _bill. ; _c23 cm. |
||
| 500 | _aIncludes index. | ||
| 505 | 0 | _aThe world of the reporter -- Meyer Berger, the reporters' reporter -- Nellie Bly, the best undercover reporter in history -- Edna Buchanan, the best crime reporter there's ever been -- James Cameron, the definitive foreign correspondent -- Richard Harding Davies, one of the best descriptive reporters ever -- Floyd Gibbons, the supreme example of a reporter in pursuit of an assignment -- Ann Leslie, the most versatile reporter ever -- AJ Liebling, the most quotable wit ever by-lined -- JA Macgahan, perpetrator of perhaps the greatest piece of reporting ever -- Hugh mcilvanney, the best writer ever to apply words to newsprint -- Ernie pyle, the reporter who never forgot who he was writing for -- William howard russell, the man who invented war corresponding -- George seldes, a reporter who got up the noses of the high and mighty. | |
| 650 | 0 |
_aJournalists _zUnited States _vBiography. |
|
| 650 | 0 |
_aReporters and reporting _zUnited States _xHistory _y19th century. |
|
| 650 | 0 |
_aReporters and reporting _zUnited States _xHistory _y20th century. |
|
| 856 | 4 | 1 |
_3Table of contents _uhttp://www.loc.gov/catdir/toc/ecip059/2005006707.html |
| 856 | 4 | 2 |
_3Publisher description _uhttp://www.loc.gov/catdir/enhancements/fy0828/2005006707-d.html |
| 906 |
_a7 _bcbc _corignew _d1 _eecip _f20 _gy-gencatlg |
||
| 942 |
_2ddc _cBK |
||